000 00734nam a22002052 4500
001 0000007000
005 20151217155831.0
008 071106s xx 000 0 eng d
020 _a082136264x :
_cKES
040 _aKABU
_cKABU
245 1 0 _aPreventing HIV/AIDS in the Middle East and North Africa :
_ba window of opportunity to act.
260 _aWashington, D. C. :
_bWorld Bank,
_c2005.
300 _axix, 86 p.
650 0 _aAIDS (Disease)
_cMiddle East
_xPrevention.
_@0000158001
650 0 _aAIDS (Disease)
_cAfrica, North
_xPrevention.
_@0000158002
650 0 _aHIV infections
_cAfrica, North
_xPrevention.
_@0000158003
908 _a071106
950 _@1
999 _c13033
_d13033